000 00688nam a2200241Ia 4500
003 OSt
005 20220918190750.0
006 a|||||r|||| 00| 0
007 ta
008 220917b |||||||| |||| 00| 0 eng d
024 _a59,442
037 _cTextual
040 _aARTS
_cARTS
_beng
041 _2eng
_aeng
082 _aQ141:26:g, G6;J5 (EPS)
100 _aNikhilananda Swami tr
245 0 _aMandukyopanisad with Gaudapada's karika and Sankara's commentary
250 _a4th
260 _aMysore
_bRamakrishna Ashrama
_c1955
650 _aRELIGION
942 _hQ141:26:g, G6;J5 (EPS)
_cTEXL
_2CC
999 _c186756
_d186756